| 000 | 01631cam a22004097a 4500 | ||
|---|---|---|---|
| 003 | CHAP | ||
| 005 | 20220329143001.0 | ||
| 008 | 050530d2001 mx r 00110 spa d | ||
| 010 | _a90358 | ||
| 011 | _a91330 | ||
| 020 | _a9707011521 | ||
| 035 | _a101888 | ||
| 040 | _cCHAP | ||
| 082 | 0 | 4 |
_a378 _bB37 |
| 100 | 0 | 0 |
_aBarba Alvarez, Antonio _ecoord. _910073 |
| 245 | 1 | 0 |
_aUniversidad, organización y sociedad : _barreglos y controversiaS _c/coord. por Antonio Barba Alvarez y Luis Montaño Hirose |
| 260 |
_aMéxico, D. F. : _bUniversidad Autónoma Metropolitana, _c2001. |
||
| 300 | _a196 p. | ||
| 490 | 0 | _aColección problemas educativos de México | |
| 590 |
_aBATCH-UPD _b10 _c20130110 _lUCH01 _h0420 |
||
| 590 |
_aBATCH-UPD _b10 _c20130110 _lUCH01 _h2342 |
||
| 590 |
_aBATCH-UPD _b10 _c20130410 _lUCH01 _h0055 |
||
| 590 |
_aBATCH-UPD _b10 _c20130914 _lUCH01 _h1005 |
||
| 590 |
_aCONVERSION _b10 _c20130109 _lUCH01 _h1350 |
||
| 650 | 1 | 4 |
_aEducación superior _xInnovaciones tecnológicas. _935642 |
| 650 | 1 | 4 |
_aEducación superior _xInvestigación. _935643 |
| 650 | 1 | 4 |
_aEducación superior _xMetodología. _935646 |
| 650 | 1 | 4 |
_aUniversidades _xAdministración. _9116596 |
| 700 | 0 |
_aMontaño Hirose, Luis _ecoord. _977751 |
|
| 830 | 0 | 0 |
_aColección problemas educativos de México _924959 |
| 901 | _aBK | ||
| 905 | _aLilia | ||
| 942 | _cLIBRO | ||
| 949 |
_a378 B37 _bBC _cLIBRO _d33724000949913 _eLIBRO _gI.c/e _h105850 _i101888 _sb _t$180.00 |
||
| 949 |
_a378 B37 _bBC _cLIBRO _d33724000978961 _eLIBRO _fc.3 _gI.c/e _h106671 _i101888 _sb _t$180.00 |
||
| 949 |
_a378 B37 _bBC _cLIBRO _d33724000979027 _eLIBRO _fc.2 _gI.c/e _h106670 _i101888 _sb _t$180.00 |
||
| 999 |
_c90358 _d90358 |
||